| 000 | 00736nam a22001937a 4500 | ||
|---|---|---|---|
| 003 | OSt | ||
| 005 | 20240903094340.0 | ||
| 008 | 240903b ||||| |||| 00| 0 eng d | ||
| 040 | _cAIMIT LIBRARY | ||
| 100 |
_aMahenaaz. _e2216091 _9178507 |
||
| 245 |
_aComparative study on financial performance of selected dairy industries / _cBy Mahenaaz ; Guided by Beena Dias. |
||
| 260 |
_aKalaburagi ; _c2024. |
||
| 650 |
_aIndustry profile company profile and introduction to study _9178508 |
||
| 650 |
_aResearch methodology _9178509 |
||
| 650 |
_aData analysis and interpretation _9178510 |
||
| 700 |
_aDias, Beena. _eGuide _9178511 |
||
| 856 | _3Kalaburgi bidar and yadgir co operative milk producers societes union ltd. | ||
| 942 |
_2ddc _cPRO |
||
| 999 |
_c231707 _d231707 |
||